000 00786nam a2200277Ia 4500
003 OSt
005 20221006153601.0
006 a|||||r|||| 00| 0
007 ta
008 221006b |||||||| |||| 00| 0 eng d
020 _a9781905246045
024 _a32,773
037 _bGift, 21/11/2007, Korean Embassy
_cTextual
040 _aEASL
_cEASL
_beng
041 _2eng
_aeng
082 _aY:1,88, P3
100 _aLee Kyung Ja etc.
_9664521
245 0 _aTraditional Korean Costume
260 _aUK
_bGlobal Oriental Ltd
_c2005
300 _a335p.
_ccm.
490 _v KEL
650 _a KEL
650 _aKorea - Society - Customs
_9664522
942 _hY:1,88, P3
_cTEXL
_2CC
999 _c1100859
_d1100859